Control de calidad para animales de granja.

Bibliographic Details
Main Author: Targ, S.
Format: Section = Libro
Language:Undetermined
Spanish
Published: URSS Ministerio de transporte y comunicaciones OMPT. [s.f.]
Subjects:
LEADER 00510nam a2200193Ia 4500
008 240830s9999 xx 000 0 und d
040 |a B-ESTELÍ- RUACS / 636.59 A694 
041 |a spa 
082 |a 636.59 A694 
100 1 |a Targ, S. 
245 1 0 |a Control de calidad para animales de granja. 
260 |a URSS  |b Ministerio de transporte y comunicaciones OMPT.  |c [s.f.] 
300 |a 516 p:il 
650 7 |a ESTATICA 
650 7 |b  CINEMATICA 
650 7 |c  DINAMICA 
942 |c BK  |2 ddc 
991 |a TEXTO 
999 |c 11379